000 00319nam a2200133Ia 4500
008 230917s9999||||xx |||||||||||||| ||und||
040 _e109781
_aMAIN
041 _aEnglish
082 _a510 M72M
245 0 _aModern UGC NET: Mathematics
260 _aNew Delhi
_bArnold
_c2005
300 _avii, 551 p.
942 _cBK
999 _c138086
_d138086